Sports Quiz

Random Sports or Clickable Quiz

MLB Player and Manager Quiz Stats

 Plays Quiz Updated Sep 17, 2016

Challenge
Share
Tweet
Embed
Score 0/25 Timer 05:00
5 Plays Today
% Correct
Joe Torre
88.8%
Don Mattingly
88%
Yogi Berra
84.7%
Pete Rose
84.6%
Frank Robinson
82.1%
Kirk Gibson
78.4%
Ryne Sandberg
78.1%
Brad Ausmus
78.1%
Don Baylor
75.1%
Paul Molitor
74.7%
Whitey Herzog
74.5%
Ted Williams
69.4%
Cap Anson
60.4%
% Correct
Eddie Collins
59.4%
Ty Cobb
59.4%
Tris Speaker
58.1%
Frank Howard
57.8%
Nap Lajoie
57.6%
Bucky Dent
56.8%
Mel Ott
56%
Tony Perez
55.9%
Walter Johnson
52.8%
Luke Appling
51%
Cy Young
48.2%
Mordecai Brown
39.4%

You're not logged in!

Compare scores with friends on all Sporcle quizzes.
OR
Log In

You Might Also Like...

Show Comments

Extras

Top Quizzes Today


Score Distribution

Your Account Isn't Verified!

In order to create a playlist on Sporcle, you need to verify the email address you used during registration. Go to your Sporcle Settings to finish the process.

Report this User

Report this user for behavior that violates our Community Guidelines.

Details: